[Event "GER-ch (Women)"]
[Site "Magdeburg"]
[Date "2021.07.26"]
[Round "2"]
[White "Birkholz, Olga"]
[Black "Lederer, Leia"]
[Result "1-0"]
[WhiteElo "2018"]
[BlackElo "1754"]
[PlyCount "67"]
[EventDate "2021.07.25"]
[EventType "swiss"]
[EventRounds "9"]
[EventCountry "GER"]
[SourceTitle "CBM 203 Extra"]
[Source "ChessBase"]
[SourceDate "2021.09.30"]
[SourceVersion "1"]
[SourceVersionDate "2021.09.30"]
[SourceQuality "1"]

1. d4 Nf6 2. b3 c5 3. e3 e6 4. Nf3 d5 5. Bd3 Nbd7 6. 0-0 Bd6 7. Bb2 0-0 8. Nbd2 Qc7 9. c4 Re8 10. cxd5 exd5 11. dxc5 Nxc5 12. Rc1 Qb8 13. Bb1 Nce4 14. h3 Re6 15. Nxe4 dxe4 16. Ng5 Be5 17. Nxe6 Bxe6 18. Bxe5 Qxe5 19. Qd4 Qg5 20. Bxe4 Bxh3 21. Rc5 Qh6 22. gxh3 Qxh3 23. Bg2 Qh6 24. Qf4 Qg6 25. Qf5 Qxf5 26. Rxf5 Rb8 27. Rd1 b6 28. Rc1 Rd8 29. a4 Ng4 30. Bf3 Nh6 31. Rd5 Rb8 32. Rc7 a6 33. Rb7 Rc8 34. Rxb6 1-0

[Event "GER-chT Lands U20"]
[Site "Hannover"]
[Date "2015.10.05"]
[Round "4.7"]
[White "Wu, Luka"]
[Black "Lederer, Leia"]
[Result "1/2-1/2"]
[WhiteElo "1615"]
[BlackElo "1578"]
[PlyCount "97"]
[EventDate "2015.10.03"]
[EventType "team-swiss"]
[EventRounds "7"]
[EventCountry "GER"]
[SourceTitle "CBM 168 Extra"]
[Source "ChessBase"]
[SourceDate "2015.10.29"]
[SourceVersion "1"]
[SourceVersionDate "2015.10.29"]
[SourceQuality "1"]
[WhiteTeam "Baden (U20) II"]
[BlackTeam "Wuerttemberg (U20)"]
[WhiteTeamCountry "GER"]
[BlackTeamCountry "GER"]

1. e4 e5 2. Nf3 Nc6 3. Bb5 a6 4. Bxc6 dxc6 5. 0-0 Bg4 6. h3 h5 7. d3 Bxf3 8. Qxf3 Nf6 9. Nd2 Bd6 10. Nc4 Qd7 11. Be3 0-0-0 12. Rab1 Kb8 13. b4 Rdg8 14. a4 Ne8 15. b5 cxb5 16. axb5 axb5 17. Nd2 g5 18. Qe2 h4 19. c4 g4 20. hxg4 Rxg4 21. Rxb5 Rhg8 22. f3 R4g6 23. Rf2 Nf6 24. Nf1 Nh5 25. Qb2 Qc6 26. Qa2 Nf4 27. Bxf4 exf4 28. Rd2 h3 29. Rbb2 Be7 30. Nh2 hxg2 31. Rxg2 Rxg2+ 32. Rxg2 Rxg2+ 33. Qxg2 Qb6+ 34. Kh1 Qb1+ 35. Qf1 Qc2 36. d4 f5 37. exf5 Qxf5 38. d5 Qh5 39. Qe2 Bc5 40. Kg2 Qh8 41. Ng4 Qa1 42. Kh3 Qh8+ 43. Kg2 Qh4 44. Qe8+ Ka7 45. Qa4+ Kb8 46. Qe8+ Ka7 47. Qa4+ Kb8 48. Qe8+ Ka7 49. Qa4+ 1/2-1/2

[Event "GER-chT Lands U20"]
[Site "Hannover"]
[Date "2015.10.03"]
[Round "1.7"]
[White "Reinecke, Katharina"]
[Black "Lederer, Leia"]
[Result "1-0"]
[WhiteElo "1839"]
[BlackElo "1578"]
[PlyCount "111"]
[EventDate "2015.10.03"]
[EventType "team-swiss"]
[EventRounds "7"]
[EventCountry "GER"]
[SourceTitle "CBM 168 Extra"]
[Source "ChessBase"]
[SourceDate "2015.10.29"]
[SourceVersion "1"]
[SourceVersionDate "2015.10.29"]
[SourceQuality "1"]
[WhiteTeam "Hessen (U20)"]
[BlackTeam "Wuerttemberg (U20)"]
[WhiteTeamCountry "GER"]
[BlackTeamCountry "GER"]

1. d4 Nf6 2. c4 c5 3. d5 b5 4. cxb5 a6 5. bxa6 g6 6. Nc3 Bxa6 7. e4 Bxf1 8. Kxf1 d6 9. Nf3 Bg7 10. g3 Nbd7 11. Kg2 0-0 12. a4 Ne8 13. Qc2 Nc7 14. Bd2 Qb8 15. Rhb1 Qa7 16. Ne2 Rfb8 17. Bc3 Bxc3 18. Nxc3 Qa5 19. Nd2 Rb4 20. b3 Ne5 21. h3 c4 22. f4 cxb3 23. Nxb3 Nc4 24. Qd3 Qb6 25. Kf3 Rxb3 26. Qxc4 Rxb1 27. Rxb1 Qa7 28. Qc6 Rb8 29. Rxb8+ Qxb8 30. Nb5 Na8 31. a5 f5 32. a6 fxe4+ 33. Kxe4 Qf8 34. a7 Qf5+ 35. Ke3 Qxh3 36. Qxa8+ Kg7 37. Qc6 Qxg3+ 38. Ke2 Qxf4 39. Qc3+ e5 40. a8Q Qh2+ 41. Kd1 Qh1+ 42. Kc2 Qe4+ 43. Qd3 Qg2+ 44. Kc3 h5 45. Qa7+ Kh6 46. Qd2+ Qxd2+ 47. Kxd2 h4 48. Nxd6 h3 49. Qe3+ Kh7 50. Qxh3+ Kg7 51. Qe6 e4 52. Nxe4 Kh6 53. Qf6 Kh7 54. Ng5+ Kh6 55. Nf7+ Kh5 56. Qg5# 1-0

[Event "GER-ch U14 Girls"]
[Site "Oberhof"]
[Date "2013.05.19"]
[Round "1"]
[White "Lederer, Leia"]
[Black "Sieber, Fiona"]
[Result "0-1"]
[WhiteElo "1547"]
[BlackElo "1836"]
[PlyCount "80"]
[EventDate "2013.05.19"]
[EventType "swiss"]
[EventRounds "9"]
[EventCountry "GER"]
[SourceTitle "CBM 154 Extra"]
[Source "ChessBase"]
[SourceDate "2013.06.25"]
[SourceVersion "2"]
[SourceVersionDate "2013.06.25"]
[SourceQuality "1"]

1. e4 c5 2. Nf3 d6 3. d4 cxd4 4. Nxd4 Nf6 5. Nc3 Nc6 6. Be3 Ng4 7. Bb5 Nxe3 8. fxe3 Bd7 9. 0-0 e6 10. Bxc6 bxc6 11. e5 Qg5 12. Qf3 Qxe5 13. Nxc6 Qf6 14. Qe2 Qg5 15. Nd4 Be7 16. Rf3 Qh5 17. Raf1 0-0 18. Qd2 f5 19. Rh3 Qe8 20. Qd3 Rb8 21. b3 g6 22. Qd2 Bf6 23. Nde2 Qe7 24. Rff3 Bc6 25. Rf1 Rbc8 26. Nd1 e5 27. Nf2 Qe6 28. Nd3 Qd5 29. Rf2 Qe6 30. e4 fxe4 31. Qh6 Qe7 32. Nb4 Bb7 33. Ng3 Bg5 34. Qxf8+ Rxf8 35. Re2 a5 36. Nxe4 axb4 37. Nf2 Qe6 38. Nd1 Qd5 39. Nb2 Qd4+ 40. Kh1 Rf1# 0-1

[Event "GER-chT Lands U20"]
[Site "Hannover"]
[Date "2012.10.03"]
[Round "7.8"]
[White "Allin, Katharina"]
[Black "Lederer, Leia"]
[Result "1/2-1/2"]
[WhiteElo "1135"]
[BlackElo "1300"]
[PlyCount "55"]
[EventDate "2012.09.29"]
[EventType "team-swiss"]
[EventRounds "7"]
[EventCountry "GER"]
[SourceTitle "CBM 150 Extra"]
[Source "ChessBase"]
[SourceDate "2012.10.19"]
[SourceVersion "1"]
[SourceVersionDate "2012.10.19"]
[SourceQuality "1"]
[WhiteTeam "Thueringen"]
[BlackTeam "Wuerttemberg"]
[WhiteTeamCountry "GER"]
[BlackTeamCountry "GER"]

1. e4 c5 2. Nf3 d6 3. d4 cxd4 4. Nxd4 Nf6 5. Nc3 Nc6 6. h3 e6 7. Be3 Be7 8. Bd3 a6 9. Qd2 Qc7 10. g4 b5 11. Nce2 Bb7 12. Ng3 Nd7 13. Nh5 Nde5 14. Qe2 0-0 15. 0-0-0 Qa5 16. a3 b4 17. Nb3 Qa4 18. f4 Nd7 19. e5 Na5 20. exd6 Bf6 21. Nxf6+ Nxf6 22. Rhg1 bxa3 23. Nxa5 axb2+ 24. Kd2 Qxa5+ 25. c3 Rac8 26. Bd4 Qa2 27. Rb1 Rfd8 28. Ke1 1/2-1/2

[Event "GER-chT Lands U20"]
[Site "Hannover"]
[Date "2012.10.02"]
[Round "6.8"]
[White "Lederer, Leia"]
[Black "Sanati, Charlotte"]
[Result "0-1"]
[WhiteElo "1300"]
[BlackElo "1621"]
[PlyCount "114"]
[EventDate "2012.09.29"]
[EventType "team-swiss"]
[EventRounds "7"]
[EventCountry "GER"]
[SourceTitle "CBM 150 Extra"]
[Source "ChessBase"]
[SourceDate "2012.10.19"]
[SourceVersion "1"]
[SourceVersionDate "2012.10.19"]
[SourceQuality "1"]
[WhiteTeam "Wuerttemberg"]
[BlackTeam "Rheinland Pfalz"]
[WhiteTeamCountry "GER"]
[BlackTeamCountry "GER"]

1. e4 e5 2. Nf3 Nc6 3. Bb5 a6 4. Ba4 Nf6 5. 0-0 b5 6. Bb3 Be7 7. Re1 0-0 8. c3 d5 9. exd5 Nxd5 10. d4 exd4 11. Nxd4 Nxd4 12. Qxd4 Bb7 13. c4 Bf6 14. Qd1 bxc4 15. Bxc4 Re8 16. Rxe8+ Qxe8 17. h3 Rd8 18. Qf1 Nb6 19. Nc3 Qc6 20. Be2 Qe6 21. Bf4 Bxc3 22. bxc3 Nd5 23. Bc4 Qc6 24. Rd1 h6 25. Be5 Rd7 26. Be2 Qe6 27. Bd4 Nf4 28. Bg4 f5 29. Re1 Qg6 30. Qc4+ Kh7 31. Bxf5 Qxf5 32. Re8 Bd5 33. Qxa6 Qg5 34. g3 Nxh3+ 35. Kf1 Qh5 36. Qd3+ Qg6 37. Qe3 Qb1+ 38. Qe1 Qb5+ 39. Re2 Bf3 40. a4 Qxe2+ 41. Qxe2 Bxe2+ 42. Kxe2 Ng5 43. a5 Ne6 44. Ke3 Nxd4 45. cxd4 Rd5 46. a6 Ra5 47. Ke4 Rxa6 48. Kd5 Kg6 49. Ke4 Kf6 50. f4 c6 51. d5 cxd5+ 52. Kxd5 Kf5 53. Kd4 Ra5 54. Ke3 Kg4 55. Kf2 Ra3 56. Kg1 Kxg3 57. f5 Ra1# 0-1

[Event "GER-chT Lands U20"]
[Site "Hannover"]
[Date "2012.10.01"]
[Round "5.8"]
[White "Lederer, Leia"]
[Black "Halas, Julia"]
[Result "1-0"]
[WhiteElo "1300"]
[BlackElo "1446"]
[PlyCount "125"]
[EventDate "2012.09.29"]
[EventType "team-swiss"]
[EventRounds "7"]
[EventCountry "GER"]
[SourceTitle "CBM 150 Extra"]
[Source "ChessBase"]
[SourceDate "2012.10.19"]
[SourceVersion "1"]
[SourceVersionDate "2012.10.19"]
[SourceQuality "1"]
[WhiteTeam "Wuerttemberg"]
[BlackTeam "Sachsen"]
[WhiteTeamCountry "GER"]
[BlackTeamCountry "GER"]

1. e4 e5 2. Nf3 Nf6 3. Nxe5 d6 4. Nf3 Nxe4 5. d4 d5 6. Bd3 Be7 7. Nbd2 Nxd2 8. Bxd2 Bg4 9. Qe2 Nc6 10. Be3 Qd6 11. h3 Bh5 12. a3 h6 13. 0-0-0 0-0-0 14. Kb1 Kb8 15. Qd2 Bxf3 16. gxf3 Bf6 17. Bf4 Qf8 18. c3 a6 19. Rhe1 Re8 20. Bf5 Rxe1 21. Rxe1 Qd8 22. Kc2 g6 23. Bd3 g5 24. Bh2 Qd7 25. Rh1 Re8 26. b4 Ne7 27. Ra1 Qxh3 28. Bg1 Qxf3 29. a4 Qg4 30. a5 c6 31. Bh2+ Ka7 32. Bc7 Nc8 33. Kb3 Bd8 34. Bb6+ Nxb6 35. axb6+ Bxb6 36. b5 a5 37. bxc6 bxc6 38. Qa2 Qc8 39. c4 Qb7 40. c5 Bxc5+ 41. Kc2 Bb4 42. Rb1 h5 43. Qa4 Re6 44. Kb2 Qb6 45. Qa1 Qxd4+ 46. Ka2 Qxf2+ 47. Rb2 Qh4 48. Qg1+ c5 49. Qf1 f6 50. Qf5 Rd6 51. Qh7+ Kb6 52. Qg8 c4 53. Qb8+ Kc5 54. Qa7+ Kb5 55. Bf5 c3 56. Bd3+ Kc6 57. Qa6+ Kc7 58. Qa7+ Kd8 59. Qb8+ Ke7 60. Re2+ Kd7 61. Bb5+ Rc6 62. Qe8+ Kc7 63. Qxc6+ 1-0

[Event "GER-chT Lands U20"]
[Site "Hannover"]
[Date "2012.10.01"]
[Round "4.8"]
[White "Raetzke von Stoyentin, Steffen"]
[Black "Lederer, Leia"]
[Result "1-0"]
[WhiteElo "1765"]
[BlackElo "1300"]
[PlyCount "99"]
[EventDate "2012.09.29"]
[EventType "team-swiss"]
[EventRounds "7"]
[EventCountry "GER"]
[SourceTitle "CBM 150 Extra"]
[Source "ChessBase"]
[SourceDate "2012.10.19"]
[SourceVersion "1"]
[SourceVersionDate "2012.10.19"]
[SourceQuality "1"]
[WhiteTeam "Niedersachsen"]
[BlackTeam "Wuerttemberg"]
[WhiteTeamCountry "GER"]
[BlackTeamCountry "GER"]

1. d4 Nf6 2. c4 c5 3. d5 b5 4. cxb5 a6 5. bxa6 Bxa6 6. Nc3 g6 7. g3 Bg7 8. Bg2 d6 9. Nf3 0-0 10. 0-0 Nbd7 11. Rb1 Bb7 12. b3 Qc7 13. e4 e6 14. a4 Nb6 15. dxe6 fxe6 16. Ng5 Rae8 17. Nb5 Qe7 18. e5 Bxg2 19. exf6 Bxf6 20. Kxg2 Bxg5 21. Bxg5 Qxg5 22. Nc7 Re7 23. Qxd6 Nc8 24. Nxe6 Qf6 25. Qxc5 Rxe6 26. b4 Re5 27. Qc4+ Kh8 28. a5 Qf3+ 29. Kg1 Ne7 30. b5 h5 31. Qd4 Rff5 32. Rfe1 Kh7 33. Rxe5 Rxe5 34. Qxe5 Nf5 35. Qc7+ Kh8 36. Re1 Ng7 37. b6 h4 38. Qf4 Qh5 39. Qxh4 Qxh4 40. gxh4 Nf5 41. b7 Nxh4 42. b8Q+ Kh7 43. Re7+ Kh6 44. Qf4+ g5 45. Re6+ Kh5 46. Qf7+ Kg4 47. Re4+ Kh3 48. Qe6+ Nf5 49. Qxf5+ g4 50. Qxg4# 1-0

[Event "GER-chT Lands U21"]
[Site "Xanten"]
[Date "2011.11.01"]
[Round "3.8"]
[White "Sherif, Amina"]
[Black "Lederer, Leia"]
[Result "0-1"]
[WhiteElo "1509"]
[BlackElo "1160"]
[PlyCount "76"]
[EventDate "2011.10.31"]
[EventType "team-swiss"]
[EventRounds "7"]
[EventCountry "GER"]
[SourceTitle "EXT 2022"]
[Source "ChessBase"]
[SourceDate "2021.10.06"]
[SourceVersion "1"]
[SourceVersionDate "2021.10.06"]
[SourceQuality "1"]
[WhiteTeam "Nordrhein Westfalen U21"]
[BlackTeam "Wuerttemberg U21"]
[WhiteTeamCountry "GER"]
[BlackTeamCountry "GER"]

1. e4 e5 2. Nf3 Nc6 3. Bb5 a6 4. Ba4 Nf6 5. 0-0 b5 6. Bb3 Bc5 7. Nxe5 Nxe5 8. d4 Bxd4 9. Qxd4 d6 10. Bg5 c5 11. Bxf6 Qxf6 12. Qd5 0-0 13. Qxa8 c4 14. Bxc4 bxc4 15. Nd2 Qh6 16. Qd5 Re8 17. Qd4 Re6 18. Qe3 Qh5 19. h3 Rg6 20. Kh1 h6 21. Rae1 Rg4 22. Rg1 Rh4 23. f4 Bxh3 24. gxh3 Rxh3+ 25. Kg2 Rxe3 26. Rxe3 Ng4 27. Rh3 Qc5 28. Rf3 Qd4 29. Nf1 Qxe4 30. Kg3 f5 31. Ne3 d5 32. Rgf1 Nxe3 33. Re1 d4 34. c3 Qc2 35. Rf2 Qd3 36. Rf3 Qd2 37. Rg1 Ng4 38. cxd4 Qh2# 0-1

[Event "GER-ch U12"]
[Site "Oberhof"]
[Date "2011.06.16"]
[Round "8"]
[White "Lederer, Leia"]
[Black "Tiedemann, Fin Niklas"]
[Result "0-1"]
[WhiteElo "1252"]
[BlackElo "1525"]
[PlyCount "104"]
[EventDate "2011.06.11"]
[EventType "swiss"]
[EventRounds "11"]
[EventCountry "GER"]
[SourceTitle "CBM 142 Extra"]
[Source "ChessBase"]
[SourceDate "2011.06.27"]
[SourceVersion "1"]
[SourceVersionDate "2011.06.27"]
[SourceQuality "1"]

1. e4 e5 2. Nf3 Nc6 3. Bb5 f5 4. Bxc6 dxc6 5. Nxe5 Qd4 6. Nf3 Qxe4+ 7. Kf1 Be7 8. Nc3 Qe6 9. d4 Nf6 10. Bf4 Qc4+ 11. Kg1 0-0 12. Ne5 Qb4 13. Rb1 Bd6 14. a3 Qb6 15. Nc4 Qa6 16. Nxd6 cxd6 17. Bxd6 Rd8 18. Be5 c5 19. d5 Nxd5 20. Nxd5 Qe6 21. c4 Qxe5 22. Qh5 Re8 23. h3 Be6 24. Ne3 g6 25. Qg5 Qd4 26. Kh2 Bxc4 27. Nxc4 Qxc4 28. Rbc1 Qd4 29. Rhf1 Qxb2 30. Rxc5 Qxa3 31. Rc7 Qd6+ 32. Qg3 Qxg3+ 33. Kxg3 b5 34. Rb1 Reb8 35. Kf4 a5 36. Kg5 a4 37. Kh6 b4 38. Rxh7 a3 39. Re1 Re8 40. Rd1 Rad8 41. Rc1 Rd4 42. g3 Rde4 43. Rb7 Re1 44. Rc6 R1e6 45. Rc2 R6e7 46. Rxb4 Rg7 47. Ra4 g5 48. Rxa3 Re6+ 49. Kh5 Kh7 50. Rc6 Rxc6 51. Ra6 Rxa6 52. f4 Rh6# 0-1

[Event "GER-ch U12"]
[Site "Oberhof"]
[Date "2011.06.12"]
[Round "2"]
[White "Schulte, Felix"]
[Black "Lederer, Leia"]
[Result "1-0"]
[WhiteElo "1573"]
[BlackElo "1252"]
[PlyCount "125"]
[EventDate "2011.06.11"]
[EventType "swiss"]
[EventRounds "11"]
[EventCountry "GER"]
[SourceTitle "CBM 142 Extra"]
[Source "ChessBase"]
[SourceDate "2011.06.27"]
[SourceVersion "1"]
[SourceVersionDate "2011.06.27"]
[SourceQuality "1"]

1. e4 c5 2. Nf3 Nc6 3. d4 cxd4 4. Nxd4 g6 5. Be3 Bg7 6. Nc3 Nf6 7. Bc4 Qa5 8. f3 Qb4 9. Bb3 0-0 10. Qd2 e6 11. 0-0-0 Ne5 12. a3 Qe7 13. Bf4 d6 14. Ndb5 Rd8 15. Nxd6 Nc6 16. Nxc8 Raxc8 17. Qe2 Nd4 18. Qf2 Nxb3+ 19. cxb3 Nd7 20. Bd2 Ne5 21. Qxa7 Rd7 22. Qe3 Rd3 23. Qe2 Qd6 24. Kb1 Qc5 25. f4 Rd6 26. fxe5 Bxe5 27. b4 Qc6 28. Qb5 Qxb5 29. Nxb5 Rb6 30. Nc3 h5 31. Na4 Rd6 32. Bc3 Rxd1+ 33. Rxd1 Bxh2 34. Nc5 Kf8 35. Nxb7 f5 36. exf5 exf5 37. Rd8+ Rxd8 38. Nxd8 f4 39. Ne6+ Ke7 40. Ng5 h4 41. a4 Kd6 42. Be1 Bg3 43. Bxg3 hxg3 44. Kc2 Ke5 45. Kd2 Kf5 46. Nf3 g5 47. Nxg5 Kxg5 48. Ke2 Kg4 49. Kf1 Kf5 50. a5 Ke5 51. a6 Kd4 52. a7 Kc4 53. a8Q Kxb4 54. Qe4+ Kb3 55. Qxf4 Kxb2 56. Qxg3 Kc2 57. Ke2 Kc1 58. Qd6 Kb2 59. Qc5 Kb3 60. Kd2 Ka4 61. Qb6 Ka3 62. Kc3 Ka2 63. Qb2# 1-0

[Event "GER-ch U10"]
[Site "Oberhof"]
[Date "2010.05.25"]
[Round "5"]
[White "Edelmann, Jonas"]
[Black "Lederer, Leia"]
[Result "0-1"]
[WhiteElo "1107"]
[BlackElo "971"]
[PlyCount "50"]
[EventDate "2010.05.22"]
[EventType "swiss"]
[EventRounds "11"]
[EventCountry "GER"]
[SourceTitle "CBM 136 Extra"]
[Source "ChessBase"]
[SourceDate "2010.07.02"]
[SourceVersion "2"]
[SourceVersionDate "2010.07.15"]
[SourceQuality "1"]

1. e4 e5 2. g3 Nf6 3. Bg2 Nc6 4. Nc3 Bc5 5. Nf3 d6 6. 0-0 Bg4 7. d3 h6 8. Bd2 Nd4 9. Re1 Qd7 10. Be3 h5 11. Nd5 h4 12. gxh4 0-0-0 13. Bg5 Rdf8 14. Nxf6 gxf6 15. Bxf6 Rhg8 16. Kf1 Bh3 17. Ng5 Bxg2+ 18. Kxg2 d5 19. Bxe5 f6 20. Bxd4 Bxd4 21. f4 fxg5 22. hxg5 Rxf4 23. Kg3 Be5 24. d4 Rxg5+ 25. Qg4 Qxg4# 0-1

[Event "GER-ch U10"]
[Site "Willingen"]
[Date "2009.06.05"]
[Round "9"]
[White "Doepper, Anna Berenice"]
[Black "Lederer, Leia"]
[Result "0-1"]
[WhiteElo "919"]
[BlackElo "944"]
[PlyCount "90"]
[EventDate "2009.05.30"]
[EventType "swiss"]
[EventRounds "11"]
[EventCountry "GER"]
[SourceTitle "EXT 2010"]
[Source "ChessBase"]
[SourceDate "2010.11.25"]
[SourceVersion "1"]
[SourceVersionDate "2010.11.25"]
[SourceQuality "1"]

1. e4 c5 2. d4 d5 3. dxc5 e6 4. Be3 Nf6 5. Nc3 Nc6 6. Nf3 Be7 7. Be2 0-0 8. 0-0 Ng4 9. exd5 Nxe3 10. fxe3 Nb4 11. d6 Bf6 12. a3 Nd5 13. Nxd5 exd5 14. c3 Qe8 15. Qd2 Be6 16. Rac1 Qd7 17. c4 Rae8 18. cxd5 Bh3 19. gxh3 Qxh3 20. Bb5 Re4 21. Rc4 Qg4+ 22. Qg2 Rxc4 23. Bxc4 Qxc4 24. Rd1 Qxc5 25. Qe2 Re8 26. Rd3 Re4 27. b4 Qxd6 28. Qc2 Rg4+ 29. Kh1 h6 30. Qc8+ Bd8 31. Qxg4 Qc7 32. Nh4 Qc1+ 33. Kg2 Qc2+ 34. Kh3 Bc7 35. Qg1 Qxd3 36. Qf2 Qxd5 37. Nf5 Qe6 38. Kg2 Qg6+ 39. Kh3 Qg5 40. Qf3 h5 41. e4 Qd2 42. Qh1 Qe2 43. Qg1 Qf3+ 44. Ng3 g5 45. Qg2 Qg4# 0-1

[Event "GER-ch U10"]
[Site "Willingen"]
[Date "2009.06.05"]
[Round "10"]
[White "Lederer, Leia"]
[Black "Hutton, Jim"]
[Result "1-0"]
[WhiteElo "944"]
[BlackElo "1167"]
[PlyCount "67"]
[EventDate "2009.05.30"]
[EventType "swiss"]
[EventRounds "11"]
[EventCountry "GER"]
[SourceTitle "EXT 2010"]
[Source "ChessBase"]
[SourceDate "2010.11.25"]
[SourceVersion "1"]
[SourceVersionDate "2010.11.25"]
[SourceQuality "1"]

1. e4 e6 2. d4 d5 3. Nd2 c5 4. dxc5 Bxc5 5. Nb3 Qb6 6. Nxc5 Qxc5 7. Be3 Qd6 8. Nf3 Nf6 9. Bd3 Qd8 10. exd5 Nxd5 11. Bg5 Nf6 12. Ne5 Nbd7 13. Bb5 Qc7 14. Nxd7 Bxd7 15. Bxd7+ Nxd7 16. 0-0 0-0 17. Qg4 Kh8 18. Qd4 f6 19. Be3 e5 20. Qh4 Qxc2 21. Rad1 Rfd8 22. Rd2 Qc7 23. Rd3 b6 24. Bc1 Rdc8 25. Bd2 Nf8 26. h3 Qc4 27. Qg3 Qxa2 28. Bb4 Qxb2 29. Bxf8 Rxf8 30. Rd7 g6 31. Qh4 h5 32. Qe4 f5 33. Qc6 Rg8 34. Qf6+ 1-0